Score 0/32 Timer 08:00
0 Plays Today
Actor Character % Correct
Al PacinoMichael Corleone
96.8%
Marlon Brando/Robert De NiroVito Corleone
94.5%
James CaanSonny Corleone
91.8%
John CazaleFredo Corleone
82.7%
Robert DuvallTom Hagen
80.3%
Diane KeatonKay Adams-Corleone
62.7%
Richard CastellanoPeter Clemenza
58.7%
Talia ShireConnie Corleone
58.4%
Abe VigodaSalvatore Tessio
55.9%
Lenny MontanaLuca Brasi
50.7%
Lee StrasbergHyman Roth
45%
Alex RoccoMoe Greene
42.8%
Richard BrightAl Neri
40.9%
Al MartinoJohnny Fontane
39.5%
Gianni RussoCarlo Rizzi
35.1%
Andy GarciaVincent Mancini
35%
Actor Character % Correct
Richard ConteEmilio Barzini
33.6%
Michael V. GazzoFrank Pentangeli
33.2%
Al LettieriVirgil Sollozzo
31.9%
Sofia CoppolaMary Corleone
31.1%
Morgana KingCarmela Corleone
28.2%
Joe MantegnaJoey Zasa
27.9%
Franc D'AmbrosioAnthony Corleone
27.9%
Victor RendinaPhilip Tattaglia
27.2%
Sterling HaydenCaptain Mark McCluskey
24.8%
Simonetta StefanelliApollonia
24.6%
Joe SpinelliWilli Cicci
16.3%
John MarleyJack Woltz
13.4%
G. D. SpradlinSenator Pat Geary
12.7%
Eli WallachDon Osvaldo Altobello
10.9%
Gastone MoschinDon Massimo Fanucci
10.2%
Raf ValloneCardinal Lamberto
5.2%
Remove Ads.
Support Sporcle.
Get the best of Sporcle when you Go Orange. This ad-free experience offers more features, more stats, and more fun while also helping to support Sporcle. Thank you for becoming a member.

You're not logged in!

Compare scores with friends on all Sporcle quizzes.
OR
Log In

Sporcle TV

Today on Sporcle TV


Watch our educational content, quiz creation guides, and fun videos on Sporcle TV.

Show Comments

Extras

Top Quizzes Today


Score Distribution

Paid Content

Your Account Isn't Verified!

In order to create a playlist on Sporcle, you need to verify the email address you used during registration. Go to your Sporcle Settings to finish the process.

Report this User

Report this user for behavior that violates our Community Guidelines.

Details: